[Event "Titled Tuesday intern op 08th Aug Early"]
[Site "Chess.com INT"]
[Date "2023.08.08"]
[Round "6"]
[White "Fajdetic, Hrvoje"]
[Black "Gazineu Neto, Rubens"]
[Result "1-0"]
[WhiteElo "2151"]
[BlackElo "1912"]
[PlyCount "59"]
[EventDate "2023.08.08"]
[EventType "swiss (blitz)"]
[EventRounds "11"]
[EventCountry "USA"]
[SourceTitle "EXT 2024"]
[Source "ChessBase"]
[SourceDate "2023.10.10"]
[SourceVersion "1"]
[SourceVersionDate "2023.10.10"]
[SourceQuality "1"]

1. b3 e5 2. Bb2 Nc6 3. g3 Nf6 4. Bg2 Bc5 5. e3 d6 6. Ne2 0-0 7. d4 exd4 8. exd4 Bb6 9. 0-0 Bg4 10. f3 Bh5 11. c3 Re8 12. Nf4 Bg6 13. Nxg6 hxg6 14. Nd2 Ne5 15. Qc2 d5 16. a4 a5 17. Rae1 Ned7 18. Kh1 c5 19. Qd3 Qc7 20. Ba3 Rac8 21. Rxe8+ Rxe8 22. Bh3 cxd4 23. cxd4 Ba7 24. Rc1 Qb8 25. Qb5 Nf8 26. Bc5 Bxc5 27. dxc5 Re2 28. Qxe2 Ne6 29. Bxe6 fxe6 30. Qxe6+ 1-0

[Event "Titled Tuesday intern op 08th Aug Early"]
[Site "Chess.com INT"]
[Date "2023.08.08"]
[Round "2"]
[White "Fajdetic, Hrvoje"]
[Black "Mizzi, Jack"]
[Result "0-1"]
[WhiteElo "2151"]
[BlackElo "2007"]
[PlyCount "74"]
[EventDate "2023.08.08"]
[EventType "swiss (blitz)"]
[EventRounds "11"]
[EventCountry "USA"]
[SourceTitle "EXT 2024"]
[Source "ChessBase"]
[SourceDate "2023.10.10"]
[SourceVersion "1"]
[SourceVersionDate "2023.10.10"]
[SourceQuality "1"]

1. d4 Nf6 2. Bf4 e6 3. e3 d5 4. Nf3 c5 5. Nc3 c4 6. a4 Bb4 7. Nd2 Bxc3 8. bxc3 Qa5 9. Ra3 0-0 10. Be2 Rd8 11. 0-0 b5 12. Qa1 b4 13. cxb4 Qxb4 14. c3 Qe7 15. Rb1 Nc6 16. Bf3 Ba6 17. Ra2 e5 18. Bg5 h6 19. Bh4 Rab8 20. Rab2 Rxb2 21. Rxb2 exd4 22. exd4 Nxd4 23. cxd4 c3 24. Rc2 cxd2 25. Rxd2 g5 26. Bg3 Ne4 27. Bxe4 Qxe4 28. h3 h5 29. Qc1 Rc8 30. Qd1 h4 31. Be5 Qg6 32. Qg4 f5 33. Qf3 Rd8 34. Rb2 Bc8 35. Rb8 g4 36. Qb3 gxh3 37. Rxc8 Qxg2# 0-1

[Event "Titled Tuesday intern op 08th Aug Early"]
[Site "Chess.com INT"]
[Date "2023.08.08"]
[Round "8"]
[White "Fajdetic, Hrvoje"]
[Black "Rosh, Jain"]
[Result "0-1"]
[WhiteElo "2151"]
[BlackElo "2248"]
[PlyCount "96"]
[EventDate "2023.08.08"]
[EventType "swiss (blitz)"]
[EventRounds "11"]
[EventCountry "USA"]
[SourceTitle "EXT 2024"]
[Source "ChessBase"]
[SourceDate "2023.10.10"]
[SourceVersion "1"]
[SourceVersionDate "2023.10.10"]
[SourceQuality "1"]

1. d4 Nf6 2. Bf4 d5 3. e3 e6 4. Nf3 Bd6 5. Bg3 c5 6. c3 Qc7 7. Ne5 Nbd7 8. Bb5 0-0 9. Bxd7 Nxd7 10. f4 f6 11. Nxd7 Bxd7 12. 0-0 cxd4 13. exd4 Bb5 14. Re1 Bxf4 15. Bxf4 Qxf4 16. Rxe6 Rfe8 17. Qe1 Rxe6 18. Qxe6+ Kh8 19. Na3 Re8 20. g3 Qf3 21. Qd6 Bd3 22. Qf4 Qh5 23. h4 h6 24. Qd2 Qf3 25. Qf2 Qxf2+ 26. Kxf2 Re2+ 27. Kf3 Rxb2 28. g4 Be4+ 29. Kf4 Rf2+ 30. Ke3 Rf3+ 31. Kd2 Rg3 32. g5 hxg5 33. hxg5 Rxg5 34. Nb5 Rg2+ 35. Ke3 Rg3+ 36. Kf2 Rf3+ 37. Ke2 a6 38. Nd6 Rxc3 39. Nxe4 dxe4 40. Rd1 Kg8 41. d5 Kf8 42. d6 Ke8 43. Rd4 Kd7 44. Rxe4 Kxd6 45. Rg4 g5 46. Rb4 b5 47. a4 Rc4 48. Rxc4 bxc4 0-1

[Event "Titled Tuesday intern op 08th Aug Late"]
[Site "Chess.com INT"]
[Date "2023.08.08"]
[Round "2"]
[White "Fajdetic, Hrvoje"]
[Black "Sebag, Marie"]
[Result "0-1"]
[WhiteElo "2151"]
[BlackElo "2437"]
[PlyCount "80"]
[EventDate "2023.08.08"]
[EventType "swiss (blitz)"]
[EventRounds "11"]
[EventCountry "USA"]
[SourceTitle "EXT 2024"]
[Source "ChessBase"]
[SourceDate "2023.10.10"]
[SourceVersion "1"]
[SourceVersionDate "2023.10.10"]
[SourceQuality "1"]

1. d4 d5 2. Bf4 Nf6 3. e3 c5 4. Nc3 cxd4 5. exd4 a6 6. Bd3 Nc6 7. Nce2 Bg4 8. c3 e6 9. Qb3 Qd7 10. h4 Be7 11. Nh3 h6 12. f3 Bf5 13. Bxf5 exf5 14. Nf2 0-0 15. Nd3 Rfe8 16. Kf2 Bd6 17. Bxd6 Qxd6 18. Nef4 Re7 19. Rhe1 Rae8 20. Rxe7 Rxe7 21. Re1 Rxe1 22. Kxe1 g5 23. hxg5 hxg5 24. Nh3 Qg3+ 25. Kf1 g4 26. Ng1 Ne4 27. fxe4 Qxd3+ 28. Kf2 dxe4 29. Ne2 e3+ 30. Ke1 Qb1+ 31. Qd1 Qxb2 32. d5 Ne5 33. d6 Qb5 34. Nd4 Qd5 35. Nxf5 Nd3+ 36. Ke2 Nf4+ 37. Kxe3 Qxd1 38. Kxf4 Kf8 39. Ke5 Qe2+ 40. Kd5 Qe6+ 0-1

[Event "Titled Tuesday intern op 08th Aug Early"]
[Site "Chess.com INT"]
[Date "2023.08.08"]
[Round "3"]
[White "Fajdetic, Hrvoje"]
[Black "Skiadopoulos, Nikolaos"]
[Result "1-0"]
[WhiteElo "2151"]
[BlackElo "1896"]
[PlyCount "65"]
[EventDate "2023.08.08"]
[EventType "swiss (blitz)"]
[EventRounds "11"]
[EventCountry "USA"]
[SourceTitle "EXT 2024"]
[Source "ChessBase"]
[SourceDate "2023.10.10"]
[SourceVersion "1"]
[SourceVersionDate "2023.10.10"]
[SourceQuality "1"]

1. f4 c5 2. e4 d5 3. e5 Nc6 4. Nf3 a6 5. a4 Bg4 6. Be2 Bxf3 7. Bxf3 e6 8. c3 Nge7 9. 0-0 Nf5 10. Na3 Rc8 11. Nc2 Be7 12. d3 0-0 13. Ne3 Nxe3 14. Bxe3 d4 15. Bf2 dxc3 16. bxc3 Qd7 17. Qe2 Rfd8 18. Be4 Na5 19. Be3 g6 20. g3 Bf8 21. h4 h5 22. g4 hxg4 23. Qxg4 Bg7 24. h5 gxh5 25. Qxh5 Kf8 26. Ra2 Ke7 27. Qg5+ Kf8 28. Rg2 Bh8 29. f5 Bxe5 30. f6 Bxf6 31. Qxf6 Qe7 32. Rg8+ Kxg8 33. Qxe7 1-0

[Event "Titled Tuesday intern op 08th Aug Early"]
[Site "Chess.com INT"]
[Date "2023.08.08"]
[Round "7"]
[White "Omariev, Maksim"]
[Black "Fajdetic, Hrvoje"]
[Result "0-1"]
[WhiteElo "2304"]
[BlackElo "2151"]
[PlyCount "68"]
[EventDate "2023.08.08"]
[EventType "swiss (blitz)"]
[EventRounds "11"]
[EventCountry "USA"]
[SourceTitle "EXT 2024"]
[Source "ChessBase"]
[SourceDate "2023.10.10"]
[SourceVersion "1"]
[SourceVersionDate "2023.10.10"]
[SourceQuality "1"]

1. g4 h5 2. g5 g6 3. d4 Bg7 4. c3 e6 5. e4 d5 6. f3 Ne7 7. Bd3 b6 8. Bf4 0-0 9. Nd2 c5 10. dxc5 bxc5 11. Ne2 Ba6 12. Bxa6 Nxa6 13. Qa4 Qb6 14. Rb1 Qc6 15. Qxc6 Nxc6 16. Kf2 Be5 17. Rhd1 Rab8 18. Bg3 Bxg3+ 19. hxg3 Ne5 20. b3 f6 21. Nf4 Rbe8 22. exd5 exd5 23. gxf6 Rxf6 24. Nxd5 Nd3+ 25. Kf1 Rf5 26. c4 Nab4 27. Nxb4 cxb4 28. f4 h4 29. Nf3 Re3 30. Nxh4 Ra5 31. Kg2 Rxa2+ 32. Kh3 Nf2+ 33. Kg2 Nxd1+ 34. Kg1 Re1# 0-1

[Event "Titled Tuesday intern op 08th Aug Early"]
[Site "Chess.com INT"]
[Date "2023.08.08"]
[Round "4"]
[White "Vivas Zamora, Fabian Ernesto"]
[Black "Fajdetic, Hrvoje"]
[Result "1-0"]
[WhiteElo "2346"]
[BlackElo "2151"]
[PlyCount "97"]
[EventDate "2023.08.08"]
[EventType "swiss (blitz)"]
[EventRounds "11"]
[EventCountry "USA"]
[SourceTitle "EXT 2024"]
[Source "ChessBase"]
[SourceDate "2023.10.10"]
[SourceVersion "1"]
[SourceVersionDate "2023.10.10"]
[SourceQuality "1"]

1. e4 c5 2. Nf3 a6 3. c3 d5 4. exd5 Qxd5 5. d4 Nf6 6. Be2 Bg4 7. 0-0 e6 8. h3 Bh5 9. Be3 Nbd7 10. c4 Qd6 11. Nc3 Be7 12. dxc5 Qxd1 13. Rfxd1 Bxc5 14. Bxc5 Nxc5 15. b4 Nce4 16. Nxe4 Nxe4 17. Rac1 Ke7 18. g4 Bg6 19. Ne5 Rhd8 20. Bf3 f5 21. Bxe4 fxe4 22. Kf1 Be8 23. Ke2 Ba4 24. Rxd8 Rxd8 25. Ke3 Kf6 26. Kxe4 Rd2 27. f4 Rxa2 28. Rc3 g5 29. fxg5+ Kxg5 30. Rf3 Bc6+ 31. Nxc6 bxc6 32. Rf7 h5 33. Rg7+ Kf6 34. Rc7 hxg4 35. hxg4 Ra4 36. Rxc6 Rxb4 37. Kd4 a5 38. Ra6 a4 39. Kc5 Rb8 40. Rxa4 Kg5 41. Kd6 Rb6+ 42. Kd7 e5 43. c5 Rh6 44. c6 Rh7+ 45. Kd6 Rh6+ 46. Kd5 e4 47. Rxe4 Rh8 48. c7 Rc8 49. Kc6 1-0

[Event "Titled Tuesday intern op 01st Aug Early"]
[Site "Chess.com INT"]
[Date "2023.08.01"]
[Round "2"]
[White "Estrada Nieto, Julian"]
[Black "Fajdetic, Hrvoje"]
[Result "1-0"]
[WhiteElo "2217"]
[BlackElo "2151"]
[PlyCount "67"]
[EventDate "2023.08.01"]
[EventType "swiss (blitz)"]
[EventRounds "11"]
[EventCountry "USA"]
[SourceTitle "EXT 2024"]
[Source "ChessBase"]
[SourceDate "2023.10.10"]
[SourceVersion "1"]
[SourceVersionDate "2023.10.10"]
[SourceQuality "1"]

1. e4 c5 2. Nf3 a6 3. c3 d5 4. exd5 Qxd5 5. d4 Bg4 6. Be2 e6 7. 0-0 Nf6 8. Be3 Nbd7 9. c4 Qd6 10. Nc3 Be7 11. h3 Bh5 12. dxc5 Nxc5 13. b4 Qxd1 14. Rfxd1 Nce4 15. Nxe4 Nxe4 16. a3 Nc3 17. Rd2 Nxe2+ 18. Rxe2 Bxf3 19. gxf3 Rd8 20. Rd2 Rxd2 21. Bxd2 0-0 22. Kf1 Rd8 23. Ke2 Bf6 24. Rb1 Rd4 25. b5 a5 26. c5 Rc4 27. c6 bxc6 28. b6 Be5 29. b7 Bb8 30. Bxa5 Kf8 31. Rd1 Rc2+ 32. Kf1 Rb2 33. Rd8+ Ke7 34. Rxb8 1-0

[Event "Titled Tuesday intern op 01st Aug Early"]
[Site "Chess.com INT"]
[Date "2023.08.01"]
[Round "8"]
[White "Fajdetic, Hrvoje"]
[Black "Mirzanurov, Bulat"]
[Result "0-1"]
[WhiteElo "2151"]
[BlackElo "2232"]
[PlyCount "158"]
[EventDate "2023.08.01"]
[EventType "swiss (blitz)"]
[EventRounds "11"]
[EventCountry "USA"]
[SourceTitle "EXT 2024"]
[Source "ChessBase"]
[SourceDate "2023.10.10"]
[SourceVersion "1"]
[SourceVersionDate "2023.10.10"]
[SourceQuality "1"]

1. f4 d5 2. Nf3 Nf6 3. e3 Bg4 4. Be2 c5 5. b3 Nc6 6. Bb2 e6 7. 0-0 Bxf3 8. Bxf3 Bd6 9. d3 0-0 10. g3 Qe7 11. e4 dxe4 12. dxe4 e5 13. f5 Nd4 14. c3 Nxf3+ 15. Qxf3 c4 16. b4 a5 17. a3 axb4 18. axb4 Rxa1 19. Bxa1 Bc7 20. Nd2 b5 21. Kg2 Rd8 22. Rf2 Rd3 23. Qe2 Qd7 24. Nf1 Qc6 25. Nd2 Rxd2 26. Qxd2 Nxe4 27. Qc2 Nxf2+ 28. Kxf2 Bb6+ 29. Ke2 Qg2+ 30. Kd1 Qf1+ 31. Kd2 Qf2+ 32. Kc1 Be3+ 33. Kb2 Qxc2+ 34. Kxc2 g6 35. fxg6 hxg6 36. Bb2 f5 37. Kd1 Kf7 38. Ke2 Bh6 39. h3 Ke6 40. g4 Bf4 41. Kf3 Bg5 42. Ba3 e4+ 43. Kf2 Ke5 44. Bb2 Bh4+ 45. Kg2 Bg5 46. Kf2 e3+ 47. Kf3 Kd5 48. gxf5 gxf5 49. h4 Bxh4 50. Kxe3 Ke5 51. Kf3 Bg5 52. Ba3 Bd2 53. Bb2 Be1 54. Ke2 Bg3 55. Bc1 Bf4 56. Bb2 Ke4 57. Ba3 Bg5 58. Bb2 f4 59. Ba3 f3+ 60. Kf2 Be3+ 61. Kf1 Kd3 62. Bb2 Bd2 63. Kf2 Bxc3 64. Ba3 Bd4+ 65. Kxf3 c3 66. Kg2 c2 67. Kf1 Be3 68. Ke1 c1Q+ 69. Bxc1 Bxc1 70. Kd1 Ba3 71. Ke1 Bxb4+ 72. Kd1 Bc3 73. Kc1 b4 74. Kb1 Kc4 75. Ka2 b3+ 76. Kb1 Kb4 77. Kc1 Ka3 78. Kb1 b2 79. Kc2 Ka2 0-1

[Event "Titled Tuesday intern op 01st Aug Early"]
[Site "Chess.com INT"]
[Date "2023.08.01"]
[Round "6"]
[White "Fajdetic, Hrvoje"]
[Black "Subervi Nunez, Jonathan Sigfredo"]
[Result "1-0"]
[WhiteElo "2151"]
[BlackElo "2047"]
[PlyCount "99"]
[EventDate "2023.08.01"]
[EventType "swiss (blitz)"]
[EventRounds "11"]
[EventCountry "USA"]
[SourceTitle "EXT 2024"]
[Source "ChessBase"]
[SourceDate "2023.10.10"]
[SourceVersion "1"]
[SourceVersionDate "2023.10.10"]
[SourceQuality "1"]

1. f4 g6 2. e4 c5 3. Nf3 Bg7 4. d3 Nc6 5. Be2 d6 6. 0-0 Bg4 7. Qe1 Nf6 8. Qh4 0-0 9. Nc3 Nd4 10. Nxd4 cxd4 11. Bxg4 dxc3 12. b3 Qb6+ 13. Kh1 a5 14. a4 Qc6 15. Bf3 Qc5 16. Qe1 d5 17. Ba3 Qc6 18. Bxe7 Rfe8 19. Bxf6 Bxf6 20. e5 Be7 21. d4 Bb4 22. Qe2 Qb6 23. Rad1 Rad8 24. g4 Qc6 25. Qg2 Bf8 26. f5 Kh8 27. h4 Kg8 28. f6 h6 29. Rde1 Kh8 30. Re3 Re6 31. Rd1 Kh7 32. Rdd3 Bb4 33. Kh2 Qd7 34. Kg3 Qc6 35. Qh3 Qd7 36. Be2 Rc8 37. Rf3 Rcc6 38. Rf4 Bf8 39. Rdf3 Qc7 40. Bd3 Qb6 41. h5 Kg8 42. hxg6 fxg6 43. Bxg6 Kh8 44. g5 Rxe5 45. dxe5 d4 46. e6 Rxe6 47. gxh6 Bd6 48. f7 Rf6 49. Qc8+ Bf8 50. Qxf8# 1-0